000 00683nam a2200181Ia 4500
008 100921s9999 xx 000 0 und d
082 _b35694
_a891.433 थ 87
100 _aमाथुर मीनाक्षी.
245 _aरिश्तोंकी जंजीर.
260 _bअभिनव पॉकेट बुक्स,दिल्ली.
_c1987
300 _a186
_b---
365 _b6
520 _aललित -हिंदी-कथा,कादं.
630 _aरिश्तोंकी जंजीर.
650 _aललित -हिंदी-कथा,कादं.
730 _aरिश्तोंकी जंजीर.
942 _cBOOK
999 _c784807
_d784804